000
00294nam a2200097Ia 4500
001
1285652
005
20260417163808.0
008
260417s9999 xx 000 0 und d
245
0
_a
Hayvanlar Aleminden Masallar Seti - UĞURBÖCEKLERİNİN KAHVALTISI
_c
Yasemin Katı
260
_b
Beyan Yayınları
999
_c
1285652
_d
1285652